| 000 | 00481nam a22001697a 4500 | ||
|---|---|---|---|
| 005 | 20161206114007.0 | ||
| 008 | 161206b xxu||||| |||| 00| 0 eng d | ||
| 020 | _a9698983015 | ||
| 040 | _cPK-LaUMT | ||
| 082 |
_aMMC 954.91 _bAZA-I |
||
| 100 | _aاعظم ، کے ایم | ||
| 245 |
_aاستحکام پاکستان _bپس چہ باید کرد؟ _cکے ایم اعظم |
||
| 260 |
_aلاہور _bکتاب سرائے _c2006 |
||
| 300 | _a248 ص | ||
| 546 | _aاردو | ||
| 942 | _cBK | ||
| 999 |
_c89080 _d89080 |
||